Computerization and controversy : (Record no. 648)

000 -LEADER
fixed length control field 00822cam a2200241 a 4500
001 - CONTROL NUMBER
control field 3978544
003 - CONTROL NUMBER IDENTIFIER
control field OSt
005 - DATE AND TIME OF LATEST TRANSACTION
control field 20140116120834.0
008 - FIXED-LENGTH DATA ELEMENTS--GENERAL INFORMATION
fixed length control field 950330s1996 caua b 001 0 eng
020 ## - INTERNATIONAL STANDARD BOOK NUMBER
International Standard Book Number 9780124150409
040 ## - CATALOGING SOURCE
Transcribing agency DLC
050 04 - LIBRARY OF CONGRESS CALL NUMBER
Classification number QA76.9.C66C667 1996
245 00 - TITLE STATEMENT
Title Computerization and controversy :
Remainder of title value conflicts and social choices /
Statement of responsibility, etc edited by Rob Kling.
250 ## - EDITION STATEMENT
Edition statement 2nd ed.
260 ## - PUBLICATION, DISTRIBUTION, ETC. (IMPRINT)
Place of publication, distribution, etc San Diego :
Name of publisher, distributor, etc Academic Press,
Date of publication, distribution, etc 1996.
300 ## - PHYSICAL DESCRIPTION
Extent xxiv, 961 p. :
Other physical details ill.
504 ## - BIBLIOGRAPHY, ETC. NOTE
Bibliography, etc Includes bibliographical references and index.
650 #0 - SUBJECT ADDED ENTRY--TOPICAL TERM
Topical term or geographic name as entry element Computers and civilization.
700 1# - ADDED ENTRY--PERSONAL NAME
Personal name Kling, Rob.
856 42 - ELECTRONIC LOCATION AND ACCESS
Materials specified Publisher description
Uniform Resource Identifier <a href="http://www.loc.gov/catdir/description/els032/95015420.html">http://www.loc.gov/catdir/description/els032/95015420.html</a>
856 41 - ELECTRONIC LOCATION AND ACCESS
Materials specified Table of contents
Uniform Resource Identifier <a href="http://www.loc.gov/catdir/toc/els032/95015420.html">http://www.loc.gov/catdir/toc/els032/95015420.html</a>
942 ## - ADDED ENTRY ELEMENTS (KOHA)
Source of classification or shelving scheme
Koha item type Book
Holdings
Withdrawn status Lost status Source of classification or shelving scheme Damaged status Not for loan Home library Current library Date acquired Source of acquisition Total Checkouts Full call number Barcode Date last seen Copy number Price effective from Koha item type
          Riara University Library Riara University Library 26/10/2011 Purchase   QA76.9.C66C667 1996 2382/11 26/10/2011 C.1 26/10/2011 Book
          Riara University Library Riara University Library 26/10/2011 Purchase   QA76.9.C66C667 1996 2381/11 26/10/2011 C.2 26/10/2011 Book
          Riara University Library Riara University Library 26/10/2011 Purchase   QA76.9.C66C667 1996 2288/11 26/10/2011 C.3 26/10/2011 Book

Riara University Library,
P.O. Box 49940-00100,
Nairobi, Kenya.